| 000 | 00379nam a2200145Ia 4500 | ||
|---|---|---|---|
| 008 | 230312s9999||||xx |||||||||||||| ||und|| | ||
| 020 | _a1439062056 | ||
| 082 |
_a621.382 _bAGR-I |
||
| 100 | _aHart-Davis,Guy | ||
| 245 | 0 | _aHow to do everything : iPod, iPhone & iTunes | |
| 260 |
_bCengage _aUSA _c2011 |
||
| 300 | _a582 | ||
| 650 |
_aComputer _vMobile Communication |
||
| 942 | _cBK | ||
| 999 |
_c16411 _d16411 |
||